| 000 | 00806nam a22002177a 4500 | ||
|---|---|---|---|
| 005 | 20240530110420.0 | ||
| 008 | 141020s2009 ua grb 000 0dara d | ||
| 017 | _a17755/2008 | ||
| 020 | _a9773285138 | ||
| 040 | _aEG-CaGPL | ||
| 082 | 0 | 4 |
_221 _a346.0178\ _bى ت |
| 100 | 0 | _aيحيى احمد زكريا الشامى | |
| 245 | 1 | 2 |
_aالتبنى فى الاسلام : _bوأثره على العلاقات الخاصة الدولية / _cيحيى احمد زكريا الشامى |
| 260 |
_aالاسكندرية : _bدار الجامعة الجديدة _c2009 |
||
| 300 |
_a457 ص ؛ _c24 سم |
||
| 650 | _aالتبنى | ||
| 650 | 0 | 4 |
_aالاسلام _xالاصلام الدينى |
| 650 | 0 | 4 | _aالتبنى فى الاسلام |
| 942 |
_2ddc _cBK |
||
| 999 |
_c60640 _d60640 |
||